000 01679nam a2200433 i 4500
001 DIGPUZ0699
003 NyNyDIG
007 cr |||||||||||
008 220721s2012 sp ob 001 0 spa d
006 m o d
035 _a(OCoLC)889966898
040 _aDGITA
_beng
_erda
_epn
_cDGITA
020 _a9788415538912
_qeBook
020 _z9788415538660
050 1 4 _aPN75.J36 ebook
082 1 4 _a001.3
100 1 _aDuque García, Nacho,
_eauthor.
245 1 0 _aDe la soledad a la utopía :
_bFredric Jameson, intérprete de la cultura postmoderna /
_cNacho Duque García.
264 1 _aZaragoza, España :
_bPrensas de la Universidad de Zaragoza,
_c2012.
300 _a1 online resource.
336 _atext
_btxt
_2rdacontent
337 _acomputer
_bc
_2rdamedia
338 _aonline resource
_bcr
_2rdacarrier
347 _atext file
_2rdaft
347 _bPDF
490 1 _aColección Humanidades ;
_vno. 100
504 _aIncludes bibliographical references and index.
588 0 _aOnline resource; title from PDF title page (Digitalia, viewed July 21, 2022)
600 1 0 _aJameson, Fredric.
650 0 _aHumanities.
655 0 _aElectronic books.
791 2 _aDigitalia (Firm),
_edistributor.
793 0 _gDigitalia eBook Collection:
_aPrensas Universitarias de Zaragoza
776 0 8 _iPrint version:
_aDuque García, Nacho.
_tDe la soledad a la utopía.
_b1a edición.
_dZaragoza, España : Prensas de la Universidad de Zaragoza, 2012
_z9788415538660
830 0 _aHumanidades (Zaragoza, Spain) ;
_v100.
856 4 0 _3Digitalia Hispánica
_uhttps://www.digitaliapublishing.com/a/23474/
910 _aPremium collection: 2022
942 _cRAA
999 _c237700
_d237700